|
|
|
|
| LEADER |
00000cas a2200000 a 4500 |
| 001 |
vtls008425094 |
| 003 |
SK-MaSNL |
| 005 |
20260228160930.0 |
| 008 |
060119d20052021xo wr ne 0 b0slo |
| 022 |
|
|
|a 0139-6374
|
| 040 |
|
|
|a SNK
|b slo
|c SNK
|e AACR2
|
| 041 |
0 |
|
|a slo
|
| 043 |
|
|
|a e-xo---
|
| 044 |
|
|
|a xo
|c SK
|
| 072 |
|
7 |
|a 316.7
|x Sociológia kultúry. Kultúrny život
|2 konspekt
|
| 072 |
|
7 |
|a 352/354
|x Stupne miestnej, oblastnej a ústrednej správy
|2 konspekt
|
| 080 |
|
|
|a 316.728
|2 2001
|
| 080 |
|
|
|a 353.9
|2 2001
|
| 080 |
|
|
|a 050
|2 2001
|
| 080 |
|
|
|a (437.6)
|2 2011
|
| 080 |
|
|
|a (051)+(054)(437.6)
|2 2011
|
| 080 |
|
|
|a 394
|2 2011
|
| 210 |
0 |
|
|a Živ. Turca
|
| 222 |
|
0 |
|a Život Turca
|
| 245 |
0 |
0 |
|a My - Turčianske noviny
|b [regionálny týždenník]
|
| 246 |
1 |
3 |
|a NŽT
|f 30/2005-40/2007
|
| 246 |
1 |
3 |
|a Turčianske noviny
|
| 246 |
1 |
3 |
|a My - Nový život Turca
|f od č. 30/2005-34/2007
|
| 246 |
1 |
3 |
|a My - Turčianske noviny - Nový Život Turca
|
| 246 |
1 |
3 |
|a My - Nový život Turca - Turčianske noviny
|
| 260 |
|
|
|a Bratislava
|b Petit Press
|c 2005-2021
|
| 300 |
|
|
|a zv.
|c 39-42 cm
|
| 310 |
|
|
|a 1x týždenne
|
| 362 |
0 |
|
|a Roč. 14 = 45, č. 30 (2. aug. 2005)-roč. 30 = 61, č. 34 (2021)
|
| 500 |
|
|
|a Šéfredaktorka: 30/2005- , Viera Legerská
|
| 500 |
|
|
|a Reg. č.: MK SR 2438/2000
|
| 500 |
|
|
|a V čase vytvorenia záznamu patrí číslo ISSN, ktoré bolo uvedené na dokumente titulu - Život Turca
|
| 500 |
|
|
|a Patrí do siete regionálnych týždenníkov MY
|
| 500 |
|
|
|a Evidenčné č.: EV 2803/08
|
| 500 |
|
|
|a Od r. 2011 nad hlavičkou uvedené: Martin - Turčianske Teplice - Vrútky ; od č. 21/2019: Martin - Vrútky - Turčianske Teplice - Turany
|
| 500 |
|
|
|a V simplikátoch do roku 2015 v sú prílohy zviazané spolu s novinami ; prílohy duplikátov sú zviazané spolu s novinami do r. 2014
|
| 515 |
|
|
|a Má dvojité číslovanie ročníkov ; č. 4-40/2019 uvedený roč. 29/4
|
| 525 |
|
|
|a Obsahuje príl.: Zločin po slovensky ; Doprava a logistika ; Samovraždy slovenských hercov ; Na čom sme jazdili ; Recepty starej matere ; Sviatočný čas ; niektoré čísla obsahujú prílohy s rôznou tematikou
|
| 650 |
0 |
7 |
|a spoločenský život
|2 SNKPH
|9 28654
|
| 650 |
0 |
7 |
|a územná samospráva
|2 SNKPH
|9 802
|
| 651 |
|
7 |
|a Turiec (Slovensko : región)
|2 SNKPHgeo
|9 238871
|
| 655 |
|
7 |
|a regionálne periodiká
|2 SNKPH
|9 131775
|
| 700 |
1 |
|
|a Legerská, Viera
|4 pbd
|9 267626
|
| 780 |
0 |
0 |
|t Nový Život Turca
|w vtls001467656
|
| 785 |
0 |
0 |
|t MY - Nezávislé noviny pre vašu obec, mesto a región (Martin, Vrútky, Turčianske Teplice)
|w vtls012073154
|
| 856 |
4 |
1 |
|u www.MYnoviny.sk
|
| 910 |
|
|
|a snk
|
| 999 |
|
|
|c 3938
|d 5868
|
| 952 |
|
|
|t č. 27-51 + 4 príl.
|a SNK
|b SNK
|y PREZ
|7 0
|p 17A1433153
|o snkČSA 617/29(60)/2020/2
|i snk2021/5266
|8 0
|z Prílohy: Zábavné úlohy pre bystré hlavy (v č. 36) ; Krížovky pre seniorov (v č. 43) ; Vianočné úlohy pre bystré hlavy (v č. 49) ; MY + TV program špeciál (v č. 50/51)
|0 0
|1 0
|4 0
|d 2021-05-20
|l 0
|r 2026-02-21 19:29:10
|w 2026-02-21
|
| 952 |
|
|
|t č. 1-26
|a SNK
|b SNK
|y PREZ
|7 0
|p 17A1435010
|o snkČSA 617/29(60)/2020/1 D1
|i snk2021/7912
|8 0
|z + príl. v č. 24
|0 0
|1 0
|4 0
|d 2021-07-01
|l 0
|r 2026-02-21 19:29:34
|w 2026-02-21
|
| 952 |
|
|
|t č. 27-51 + 1 príl.
|a SNK
|b SNK
|y PREZ
|7 0
|p 17A1435011
|o snkČSA 617/29(60)/2020/2 D1
|i snk2021/7914
|8 0
|z Príl.: MY + TV program špeciál (v č. 50/51)
|0 0
|1 0
|4 0
|d 2021-07-01
|l 0
|r 2026-02-21 19:29:34
|w 2026-02-21
|
| 952 |
|
|
|t č. 1-26
|a SNK
|b SNK
|y PREZ
|7 0
|p 17A1046367
|o snkČSA 617/15(46)/2006/1
|i snk2013/2962
|8 0
|0 0
|1 0
|4 0
|d 2013-02-07
|l 0
|r 2026-02-21 19:57:01
|w 2026-02-21
|
| 952 |
|
|
|t č. 27-51
|a SNK
|b SNK
|y PREZ
|7 0
|p 17A1046368
|o snkČSA 617/15(46)/2006/2
|i snk2013/2963
|8 0
|0 0
|1 0
|4 0
|d 2013-02-07
|l 0
|r 2026-02-21 19:57:01
|w 2026-02-21
|
| 952 |
|
|
|t č. 27-51
|a SNK
|b SNK
|y PREZ
|7 0
|p 17A1046389
|o snkČSA 617/16(47)/2007/2 D1
|i snk2013/3182
|8 0
|0 0
|1 0
|4 0
|d 2013-02-11
|l 0
|r 2026-02-21 20:18:44
|w 2026-02-21
|
| 952 |
|
|
|t č. 1-26
|a SNK
|b SNK
|y PREZ
|7 0
|p 17A1046390
|o snkČSA 617/17(48)/2008/1 D1
|i snk2013/3187
|8 0
|0 0
|1 0
|4 0
|d 2013-02-11
|l 0
|r 2026-02-21 20:18:44
|w 2026-02-21
|
| 952 |
|
|
|t č. 27-51
|a SNK
|b SNK
|y PREZ
|7 0
|p 17A1046391
|o snkČSA 617/17(48)/2008/2 D1
|i snk2013/3190
|8 0
|0 0
|1 0
|4 0
|d 2013-02-11
|l 0
|r 2026-02-21 20:18:44
|w 2026-02-21
|
| 952 |
|
|
|t č. 1-26
|a SNK
|b SNK
|y PREZ
|7 0
|p 17A1046392
|o snkČSA 617/18(49)/2009/1 D1
|i snk2013/3216
|8 0
|0 0
|1 0
|4 0
|d 2013-02-11
|l 1
|r 2026-05-05 13:35:44
|s 2026-05-05
|w 2026-02-21
|
| 952 |
|
|
|t č. 1-26
|a SNK
|b SNK
|y PREZ
|7 0
|p 17A1046369
|o snkČSA 617/16(47)/2007/1
|i snk2013/3000
|8 0
|0 0
|1 0
|4 0
|d 2013-02-08
|l 0
|r 2026-02-21 21:23:48
|w 2026-02-21
|
| 952 |
|
|
|t č. 27-51
|a SNK
|b SNK
|y PREZ
|7 0
|p 17A1046370
|o snkČSA 617/16(47)/2007/2
|i snk2013/3001
|8 0
|0 0
|1 0
|4 0
|d 2013-02-08
|l 0
|r 2026-02-21 21:23:48
|w 2026-02-21
|
| 952 |
|
|
|t č. 1-26
|a SNK
|b SNK
|y PREZ
|7 0
|p 17A1046371
|o snkČSA 617/17(48)/2008/1
|i snk2013/3019
|8 0
|0 0
|1 0
|4 0
|d 2013-02-08
|l 0
|r 2026-02-21 21:30:39
|w 2026-02-21
|
| 952 |
|
|
|t č. 27-51
|a SNK
|b SNK
|y PREZ
|7 0
|p 17A1046372
|o snkČSA 617/17(48)/2008/2
|i snk2013/3020
|8 0
|0 0
|1 0
|4 0
|d 2013-02-08
|l 0
|r 2026-02-21 21:30:40
|w 2026-02-21
|
| 952 |
|
|
|t č. 0-26
|a SNK
|b SNK
|y PREZ
|7 0
|p 17A1046373
|o snkČSA 617/18(49)/2009/1
|i snk2013/3021
|8 0
|0 0
|1 0
|4 0
|d 2013-02-08
|l 0
|r 2026-02-21 21:30:40
|w 2026-02-21
|
| 952 |
|
|
|t č. 27-51
|a SNK
|b SNK
|y PREZ
|7 0
|p 17A1046374
|o snkČSA 617/18(49)/2009/2
|i snk2013/3022
|8 0
|0 0
|1 0
|4 0
|d 2013-02-08
|l 0
|r 2026-02-21 21:30:40
|w 2026-02-21
|
| 952 |
|
|
|t č. 1-26
|a SNK
|b SNK
|y PREZ
|7 0
|p 17A1046375
|o snkČSA 617/19(50)/2010/1
|i snk2013/3023
|8 0
|0 0
|1 0
|4 0
|d 2013-02-08
|l 0
|r 2026-02-21 21:30:40
|w 2026-02-21
|
| 952 |
|
|
|t č. 27-51
|a SNK
|b SNK
|y PREZ
|7 0
|p 17A1046376
|o snkČSA 617/19(50)/2010/2
|i snk2013/3024
|8 0
|0 0
|1 0
|4 0
|d 2013-02-08
|l 0
|r 2026-02-21 21:30:40
|w 2026-02-21
|
| 952 |
|
|
|t č. 1-26
|a SNK
|b SNK
|y PREZ
|7 0
|p 17A1046377
|o snkČSA 617/20(51)/2011/1
|i snk2013/3027
|8 0
|0 0
|1 0
|4 0
|d 2013-02-08
|l 0
|r 2026-02-21 21:30:40
|w 2026-02-21
|
| 952 |
|
|
|t č. 27-51
|a SNK
|b SNK
|y PREZ
|7 0
|p 17A1046380
|o snkČSA 617/20(51)/2011/2
|i snk2013/3029
|8 0
|0 0
|1 0
|4 0
|d 2013-02-08
|l 0
|r 2026-02-21 21:30:40
|w 2026-02-21
|
| 952 |
|
|
|t č. 1-26
|a SNK
|b SNK
|y PREZ
|7 0
|p 17A1046378
|o snkČSA 617/21(52)/2012/1
|i snk2013/3033
|8 0
|0 0
|1 0
|4 0
|d 2013-02-08
|l 0
|r 2026-02-21 21:30:40
|w 2026-02-21
|
| 952 |
|
|
|t č. 27-51
|a SNK
|b SNK
|y PREZ
|7 0
|p 17A1046379
|o snkČSA 617/21(52)/2012/2
|i snk2013/3034
|8 0
|0 0
|1 0
|4 0
|d 2013-02-08
|l 0
|r 2026-02-21 21:30:40
|w 2026-02-21
|
| 952 |
|
|
|t č. 1-26, neúplné
|a SNK
|b SNK
|y PREZ
|7 0
|p 17A1316827
|o snkČSA 617/15(46)/2006/1 D1
|i snk2013/3173
|8 0
|z chýba č. 2
|0 0
|1 0
|4 0
|d 2013-02-11
|l 0
|r 2026-02-21 21:30:41
|w 2026-02-21
|
| 952 |
|
|
|t č. 27-51
|a SNK
|b SNK
|y PREZ
|7 0
|p 17A1046387
|o snkČSA 617/15(46)/2006/2 D1
|i snk2013/3176
|8 0
|0 0
|1 0
|4 0
|d 2013-02-11
|l 0
|r 2026-02-21 21:30:41
|w 2026-02-21
|
| 952 |
|
|
|t č. 1-26
|a SNK
|b SNK
|y PREZ
|7 0
|p 17A1046388
|o snkČSA 617/16(47)/2007/1 D1
|i snk2013/3180
|8 0
|0 0
|1 0
|4 0
|d 2013-02-11
|l 0
|r 2026-02-21 21:30:42
|w 2026-02-21
|
| 952 |
|
|
|t č. 27-51
|a SNK
|b SNK
|y PREZ
|7 0
|p 17A1046393
|o snkČSA 617/18(49)/2009/2 D1
|i snk2013/3219
|8 0
|0 0
|1 0
|4 0
|d 2013-02-11
|l 1
|r 2026-05-05 13:35:32
|s 2026-05-05
|w 2026-02-21
|
| 952 |
|
|
|t č. 1-26
|a SNK
|b SNK
|y PREZ
|7 0
|p 17A1046394
|o snkČSA 617/19(50)/2010/1 D1
|i snk2013/3231
|8 0
|0 0
|1 0
|4 0
|d 2013-02-11
|l 1
|r 2026-05-05 13:35:14
|s 2026-05-05
|w 2026-02-21
|
| 952 |
|
|
|t č. 27-51
|a SNK
|b SNK
|y PREZ
|7 0
|p 17A1046395
|o snkČSA 617/19(50)/2010/2 D1
|i snk2013/3234
|8 0
|0 0
|1 0
|4 0
|d 2013-02-11
|l 1
|r 2026-05-05 13:35:23
|s 2026-05-05
|w 2026-02-21
|
| 952 |
|
|
|t č. 1-26
|a SNK
|b SNK
|y PREZ
|7 0
|p 17A1046396
|o snkČSA 617/20(51)/2011/1 D1
|i snk2013/3236
|8 0
|0 0
|1 0
|4 0
|d 2013-02-11
|l 0
|r 2026-02-21 21:30:42
|w 2026-02-21
|
| 952 |
|
|
|t č. 27-51
|a SNK
|b SNK
|y PREZ
|7 0
|p 17A1046397
|o snkČSA 617/20(51)/2011/2 D1
|i snk2013/3237
|8 0
|0 0
|1 0
|4 0
|d 2013-02-11
|l 0
|r 2026-02-21 21:30:42
|w 2026-02-21
|
| 952 |
|
|
|t č. 1-26
|a SNK
|b SNK
|y PREZ
|7 0
|p 17A1022744
|o snkČSA 617/21(52)/2012/1 D1
|i snk2013/3239
|8 0
|0 0
|1 0
|4 0
|d 2013-02-11
|l 0
|r 2026-02-21 21:30:42
|w 2026-02-21
|
| 952 |
|
|
|t č. 27-51
|a SNK
|b SNK
|y PREZ
|7 0
|p 17A1046399
|o snkČSA 617/21(52)/2012/2 D1
|i snk2013/3242
|8 0
|0 0
|1 0
|4 0
|d 2013-02-11
|l 0
|r 2026-02-21 21:30:42
|w 2026-02-21
|
| 952 |
|
|
|t č. 26-51 + 1 príl.
|a SNK
|b SNK
|y PREZ
|7 0
|p 17A1388182
|o snkČSA 617/28(59)/2019/2
|i snk2020/9804
|8 0
|z Príl.: v č. 50-51 - Vianočný špeciál
|0 0
|1 0
|4 0
|d 2020-06-08
|l 0
|r 2026-02-21 22:01:19
|w 2026-02-21
|
| 952 |
|
|
|t č. 1-25 + 4 príl., neúplné
|a SNK
|b SNK
|y PREZ
|7 0
|p 17A1388189
|o snkČSA 617/28(59)/2019/1 D1
|i snk2020/9831
|8 0
|z Príl.: v č. 22 - Na zdravie pivný speciál ; v č. 23 - Trh práce a absolventi ; v č. 25 - Krížovky špeciál, Leto v turci ; chýba č. 11
|0 0
|1 0
|4 0
|d 2020-06-08
|l 0
|r 2026-02-21 22:01:19
|w 2026-02-21
|
| 952 |
|
|
|t č. 26-51 + 1 príl., neúplné
|a SNK
|b SNK
|y PREZ
|7 0
|p 17A1388188
|o snkČSA 617/28(59)/2019/2 D1
|i snk2020/9833
|8 0
|z Príl.: v č. 50-51 - Vianočný špeciál ; chýba č. 38, 43
|0 0
|1 0
|4 0
|d 2020-06-08
|l 0
|r 2026-02-21 22:01:23
|w 2026-02-21
|
| 952 |
|
|
|t č. 1-25
|a SNK
|b SNK
|y PREZ
|7 0
|p 17A1325935
|o snkČSA 617/26(57)/2017/1
|i snk2018/10432
|8 0
|0 0
|1 0
|4 0
|d 2018-05-15
|l 0
|r 2026-02-21 22:05:20
|w 2026-02-21
|
| 952 |
|
|
|t č. 26-51
|a SNK
|b SNK
|y PREZ
|7 0
|p 17A1325936
|o snkČSA 617/26(57)/2017/2
|i snk2018/10435
|8 0
|0 0
|1 0
|4 0
|d 2018-05-15
|l 0
|r 2026-02-21 22:05:20
|w 2026-02-21
|
| 952 |
|
|
|a SNK
|b SNK
|y PREZ
|7 0
|p 17A1325937
|o snkČSA 617/26(57)/2017/3 príl.
|i snk2018/10447
|8 0
|z Obsahuje 8 príloh.: Naši úspešní v Turci ; Štúdium v Českej republike ; Vianočné krížovky špeciál ; MY v Európe ; Česko príďte k nám ; Prvá kuchárska kniha v slovenskej reči ; Česko príďte k nám ; Spevník vianočných kolied
|0 0
|1 0
|4 0
|d 2018-05-15
|l 0
|r 2026-02-21 22:05:20
|w 2026-02-21
|
| 952 |
|
|
|t č. 1-25, neúplné
|a SNK
|b SNK
|y PREZ
|7 0
|p 17A1325929
|o snkČSA 617/24(55)/2015/1 D1
|i snk2018/10356
|8 0
|z Chýba č. 19
|0 0
|1 0
|4 0
|d 2018-05-14
|l 0
|r 2026-02-21 22:05:31
|w 2026-02-21
|
| 952 |
|
|
|t č. 26-51, neúplné
|a SNK
|b SNK
|y PREZ
|7 0
|p 17A1325930
|o snkČSA 617/24(55)/2015/2 D1
|i snk2018/10359
|8 0
|z Chýba č. 27, 36, 46
|0 0
|1 0
|4 0
|d 2018-05-14
|l 0
|r 2026-02-21 22:05:31
|w 2026-02-21
|
| 952 |
|
|
|a SNK
|b SNK
|y PREZ
|7 0
|p 17A1325931
|o snkČSA 617/24(55)/2015/3/príl. D1
|i snk2018/10364
|8 0
|z Obsahuje 9 príloh: Kompas fanúšika ; Štúdium v Českej republike ; MY jarný magazín ; MY v meste i na vidieku ; Kompas fanúšika ; MY trh práce ; MY jesenný magazín ; MY strojárstvo minulosť a prítomnosť ; Vianočný špeciál
|0 0
|1 0
|4 0
|d 2018-05-14
|l 0
|r 2026-02-21 22:05:31
|w 2026-02-21
|
| 952 |
|
|
|t č. 1-25
|a SNK
|b SNK
|y PREZ
|7 0
|p 17A1325932
|o snkČSA 617/25(56)/2016/1
|i snk2018/10367
|8 0
|0 0
|1 0
|4 0
|d 2018-05-14
|l 0
|r 2026-02-21 22:05:31
|w 2026-02-21
|
| 952 |
|
|
|t č. 26-51, neúplné
|a SNK
|b SNK
|y PREZ
|7 0
|p 17A1325933
|o snkČSA 617/25(56)/2016/2
|i snk2018/10369
|8 0
|z Chýba č. 50-51
|0 0
|1 0
|4 0
|d 2018-05-14
|l 0
|r 2026-02-21 22:05:31
|w 2026-02-21
|
| 952 |
|
|
|a SNK
|b SNK
|y PREZ
|7 0
|p 17A1325934
|o snkČSA 617/25(56)/2016/3/príl.
|i snk2018/10372
|8 0
|z Obsahuje 9 príloh: Štúdium v Českej pepublike ; MY jarný magazín ; MY práca a vzelávanie ; MY leto v Turci ; Kompas fanúšika ; MY jesenný magazín ; MY naši úspešní v Turci ; Kompas fanúšika ; MY trh práce a vzdelávania
|0 0
|1 0
|4 0
|d 2018-05-14
|l 0
|r 2026-02-21 22:05:31
|w 2026-02-21
|
| 952 |
|
|
|t č. 1-26 + 1 príl.
|a SNK
|b SNK
|y PREZ
|7 0
|p 17A1432019
|o snkČSA 617/29(60)/2020/1
|i snk2020/17328
|8 0
|z Prílohy: Leto na Slovensku (v č. 24)
|0 0
|1 0
|4 0
|d 2020-09-29
|l 0
|r 2026-02-21 22:16:06
|w 2026-02-21
|
| 952 |
|
|
|t č. 1-26 + 2 príl.
|a SNK
|b SNK
|y PREZ
|7 0
|p 17A1099780
|o snkČSA 617/22(53)/2013/1
|i snk2016/11472
|8 0
|z Prílohy: č. 13 Jarný magazín ; č. 23 Svadobný deň
|0 0
|1 0
|4 0
|d 2016-05-04
|l 0
|r 2026-02-21 22:16:50
|w 2026-02-21
|
| 952 |
|
|
|t č. 1-26, neúplné + 1 príl.
|a SNK
|b SNK
|y NEVYP
|7 3
|p 17A1099779
|o snkČSA 617/22(53)/2013/1 D1
|i snk2016/11477
|8 0
|z Chýba č. 5, 17 ; Prílohy: č. 23 Svadobný deň ;
|0 0
|1 0
|4 0
|d 2016-05-04
|l 0
|r 2026-02-21 22:16:50
|w 2026-02-21
|
| 952 |
|
|
|t č. 27-51 +5 príl.
|a SNK
|b SNK
|y PREZ
|7 0
|p 17A1099778
|o snkČSA 617/22(53)/2013/2
|i snk2016/11481
|8 0
|z Prílohy: č. 34 Zdravie a škola ; č. 42 Zdravie a srdce ; č. 45 Energie a bývanie ; č. 48 My v Európe ; č. 49 Vianočný špeciál
|0 0
|1 0
|4 0
|d 2016-05-04
|l 0
|r 2026-02-21 22:16:50
|w 2026-02-21
|
| 952 |
|
|
|t č. 27-51
|a SNK
|b SNK
|y PREZ
|7 0
|p 17A1099777
|o snkČSA 617/22(53)/2013/2 D1
|i snk2016/11493
|8 0
|0 0
|1 0
|4 0
|d 2016-05-04
|l 0
|r 2026-02-21 22:16:50
|w 2026-02-21
|
| 952 |
|
|
|t č. 1-26 + 9 príl.
|a SNK
|b SNK
|y PREZ
|7 0
|p 17A1099776
|o snkČSA 617/23(54)/2014/1
|i snk2016/11503
|8 0
|z Prílohy: č. 1 Štúdium v Českej republike ; č. 7 Zdravie a domov ; č. 9 Darujme 2% z daní ; č. 10 Zdravie a domov ; č. 13 Jarný magazín ; č. 14 Zdravie a domov ; č. 16 Zdravie a domov, Energie a bývanie ; č. 21 Zdravie a cestovanie
|0 0
|1 0
|4 0
|d 2016-05-04
|l 0
|r 2026-02-21 22:16:53
|w 2026-02-21
|
| 952 |
|
|
|t č. 1-26, neúplné + 2 príl.
|a SNK
|b SNK
|y PREZ
|7 0
|p 17A1099775
|o snkČSA 617/23(54)/2014/1 D1
|i snk2016/11507
|8 0
|z Chýba č. 4, 22 ; Prílohy: č. 1 Štúdium v Českej republike ; č. 14 Zdravie a domov
|0 0
|1 0
|4 0
|d 2016-05-04
|l 0
|r 2026-02-21 22:16:53
|w 2026-02-21
|
| 952 |
|
|
|t č. 27-51 +1 príl.
|a SNK
|b SNK
|y PREZ
|7 0
|p 17A1099774
|o snkČSA 617/23(54)/2014/2
|i snk2016/11512
|8 0
|z Prílohy: č. 50/51 Štúdium v Českej republike
|0 0
|1 0
|4 0
|d 2016-05-04
|l 0
|r 2026-02-21 22:16:53
|w 2026-02-21
|
| 952 |
|
|
|t č. 27-51 +2 príl.
|a SNK
|b SNK
|y PREZ
|7 0
|p 17A1099773
|o snkČSA 617/23(54)/2014/2 D1
|i snk2016/11515
|8 0
|z Prílohy: č. 41 Energie a bývanie ; č. 48 Vianoce
|0 0
|1 0
|4 0
|d 2016-05-04
|l 0
|r 2026-02-21 22:16:53
|w 2026-02-21
|
| 952 |
|
|
|t č. 1-26 + 3 príl.
|a SNK
|b SNK
|y PREZ
|7 0
|p 17A1099772
|o snkČSA 617/24(55)/2015/1
|i snk2016/11519
|8 0
|z Prílohy: č. 21 Leto a relax ; č. 22 My v Európe ; č. 23 My v Turci
|0 0
|1 0
|4 0
|d 2016-05-04
|l 0
|r 2026-02-21 22:16:53
|w 2026-02-21
|
| 952 |
|
|
|t č. 27-51 + 6 príl.
|a SNK
|b SNK
|y PREZ
|7 0
|p 17A1099771
|o snkČSA 617/24(55)/2015/2
|i snk2016/11521
|8 0
|z Prílohy: č. 29 Kompas fanúšika ; č. 39 Trh práce ; č. 46 Pôžičky pod kontrolou, My v Európe ; č. 49 Strojárstvo - minulosť a prítomnosť ; č. 50/51 Vianočný špeciál
|0 0
|1 0
|4 0
|d 2016-05-04
|l 0
|r 2026-02-21 22:16:53
|w 2026-02-21
|
| 952 |
|
|
|t č. 1-25
|a SNK
|b SNK
|y PREZ
|7 0
|p 17A1369629
|o snkČSA 617/27(58)/2018/1
|i snk2019/20817
|8 0
|0 0
|1 0
|4 0
|d 2019-08-14
|l 0
|r 2026-02-21 22:28:51
|w 2026-02-21
|
| 952 |
|
|
|t č. 26-51
|a SNK
|b SNK
|y PREZ
|7 0
|p 17A1369628
|o snkČSA 617/27(58)/2018/2
|i snk2019/20834
|8 0
|0 0
|1 0
|4 0
|d 2019-08-14
|l 0
|r 2026-02-21 22:28:51
|w 2026-02-21
|
| 952 |
|
|
|a SNK
|b SNK
|y PREZ
|7 0
|p 17A1369627
|o snkČSA 617/27(58)/2018/3/príl.
|i snk2019/20842
|8 0
|z Prílohy: Zmeny 2018, Slávni lupiči, Tradičné recepty, Leto v Turci, Spevník vianočných kolied, Sviatočný magazín
|0 0
|1 0
|4 0
|d 2019-08-14
|l 0
|r 2026-02-21 22:28:51
|w 2026-02-21
|
| 952 |
|
|
|t č. 1-25
|a SNK
|b SNK
|y PREZ
|7 0
|p 17A1369626
|o snkČSA 617/28(59)/2019/1
|i snk2019/20846
|8 0
|0 0
|1 0
|4 0
|d 2019-08-14
|l 0
|r 2026-02-21 22:28:52
|w 2026-02-21
|